000 00455pab a2200181 454500
008 180718b2014 xxu||||| |||| 00| 0 eng d
100 _aSujatha, D.
245 _aRedefining domestic violence: Experiences of Dalit women
260 _c2014
300 _ap.19-22.
362 _a22 Nov
650 _aBackward classes
650 _aWomen
650 _aDomestic violence
773 _aEconomic and Political Weekly
908 _aN
909 _a105855
999 _c105850
_d105850